Poesía ecuatoriana : (antología esencial) /

Detalles Bibliográficos
Otros Autores: Vanégas C., Sara B. (Sara Beatriz Vanégas Coveña), 1950- (Editor, econtributor agent of text.)
Formato: Electrónico eBook
Lenguaje:español
Publicado: Cuenca, Ecuador : Universidad del Azuay, Casa Editora, [2019]
Edición:Primera edición.
Materias:
Acceso en línea:Digitalia Hispánica

MARC

LEADER 00000nam a2200000Ii 4500
001 DIGUAZUAY0086
003 NyNyDIG
006 m o d
007 cr |||||||||||
008 250103s2019 ec o 000 p spa d
035 |a (OCoLC)1438855919 
040 |a DGITA  |b eng  |e rda  |e pn  |c DGITA 
020 |a 9789942778895  |q eBook 
020 |z 9789942778864 
043 |a s-ec--- 
050 1 4 |a PQ8214 ebook 
245 0 0 |a Poesía ecuatoriana :  |b (antología esencial) /  |c prólogo y selección, Sara Vanégas Coveña. 
250 |a Primera edición. 
264 1 |a Cuenca, Ecuador :  |b Universidad del Azuay, Casa Editora,  |c [2019] 
300 |a 1 online resource. 
336 |a text  |b txt  |2 rdacontent 
337 |a computer  |b c  |2 rdamedia 
338 |a online resource  |b cr  |2 rdacarrier 
347 |a text file  |2 rdaft 
347 |b PDF 
588 0 |a Online resource; title from PDF title page (Digitalia, viewed January 3, 2025) 
650 0 |a Ecuadorian poetry  |y 20th century. 
650 0 |a Ecuadorian poetry  |y 21st century. 
655 7 |a Poetry.  |2 lcgft 
700 1 |a Vanégas C., Sara B.  |q (Sara Beatriz Vanégas Coveña),  |d 1950-  |e editor,  |e econtributor agent of text. 
791 2 |a Digitalia (Firm),  |e distributor. 
793 0 |g Digitalia eBook Collection:  |a Universidad del Azuay 
776 0 8 |i Print version:  |t Poesía ecuatoriana.  |b Primera edición.  |d Cuenca, Ecuador : Universidad del Azuay, Casa Editora, [2019]  |z 9789942778864 
856 4 0 |3 Digitalia Hispánica  |u https://www.digitaliapublishing.com/a/133469/ 
910 |a Premium collection: 2025